Statistics for Star Trek: Deep Space Nine Episodes

Click here to take the quiz!

General Stats

  • This quiz has been taken 30 times
  • The average score is 34 of 173

Answer Stats

SeasonNumberTitle% Correct
11/2Emissary, Parts I and II
90%
14A Man Alone
60%
110Move Along Home
60%
23The Siege
60%
41/2The Way of the Warrior
60%
18Dax
50%
619In the Pale Moonlight
50%
48Little Green Men
50%
22The Circle
50%
33The House of Quark
50%
226The Jem'Hadar
50%
78The Siege of AR-558
50%
725/26What You Leave Behind, Parts I and II
50%
515By Inferno's Light
40%
25Cardassians
40%
119Duet
40%
44Hippocratic Oath
40%
411Homefront
40%
116If Wishes Were Horses
40%
514In Purgatory's Shadow
40%
120In the Hands of the Prophets
40%
410Our Man Bashir
40%
13Past Prologue
40%
218Profit and Loss
40%
626Tears of the Prophets
40%
21The Homecoming
40%
111The Nagus
40%
19The Passenger
40%
31The Search, Part I
40%
32The Search, Part II
40%
43The Visitor
40%
56Trials and Tribble-ations
40%
213Armageddon Game
30%
15Babel
30%
113Battle Lines
30%
219Blood Oath
30%
16Captive Pursuit
30%
39Defiant
30%
118Dramatis Personae
30%
325Facets
30%
323Family Business
30%
613Far Beyond the Stars
30%
620His Way
30%
45Indiscretion
30%
24Invasive Procedures
30%
710It's Only a Paper Moon
30%
26Melora
30%
28Necessary Evil
30%
614One Little Ship
30%
316Prophet Motive
30%
17Q-Less
30%
211Rivals
30%
210Sanctuary
30%
29Second Sight
30%
610The Magnificent Ferengi
30%
220The Maquis, Part I
30%
221The Maquis, Part II
30%
114The Storyteller
30%
49The Sword of Kahless
30%
222The Wire
30%
112Vortex
30%
51Apocalypse Rising
20%
425Body Parts
20%
37Civil Defense
20%
223Crossover
20%
516Doctor Bashir, I Presume
20%
34Equilibrium
20%
314Heart of Stone
20%
71Image in the Sand
20%
525In the Cards
20%
313Life Support
20%
53Looking for par'Mach in All the Wrong Places
20%
38Meridian
20%
215Paradise
20%
311Past Tense, Part I
20%
312Past Tense, Part II
20%
217Playing God
20%
115Progress
20%
66Sacrifice of Angels
20%
35Second Skin
20%
216Shadowplay
20%
324Shakaar
20%
47Starship Down
20%
36The Abandoned
20%
212The Alternate
20%
224The Collaborator
20%
321The Die is Cast
20%
724The Dogs of War
20%
117The Forsaken
20%
225Tribunal
20%
622Valiant
20%
317Visionary
20%
214Whispers
20%
67You Are Cordially Invited
20%
417Accession
10%
517A Simple Investigation
10%
61A Time to Stand
10%
416Bar Association
10%
526Call to Arms
10%
616Change of Heart
10%
714Chimera
10%
75Chrysalis
10%
79Covenant
10%
315Destiny
10%
318Distant Voices
10%
322Explorers
10%
723Extreme Measures
10%
310Fascination
10%
520Ferengi Love Songs
10%
422For the Cause
10%
513For the Uniform
10%
615Honor Among Thieves
10%
320Improbable Cause
10%
619Inquisition
10%
711Prodigal Daughter
10%
623Profit and Lace
10%
46Rejoined
10%
62Rocks and Shoals
10%
27Rules of Acquisition
10%
63Sons and Daughters
10%
719Strange Bedfellows
10%
74Take Me Out to the Holosuite
10%
326The Adversary
10%
59The Ascent
10%
424The Quickening
10%
52The Ship
10%
625The Sound of Her Voice
10%
58Things Past
10%
319Through the Looking Glass
10%
718Til Death Do Us Part
10%
611Waltz
10%
73Afterimage
0%
715Badda-Bing, Badda-Bang
0%
64Behind the Lines
0%
523Blaze of Glory
0%
426Broken Link
0%
518Business as Usual
0%
522Children of Time
0%
413Crossfire
0%
524Empok Nor
0%
65Favor the Bold
0%
713Field of Fire
0%
419Hard Time
0%
716Inter Arma Enim Silent Leges
0%
57Let He Who Is Without Sin
0%
54Nor the Battle to the Strong
0%
77Once More Unto the Breach
0%
412Paradise Lost
0%
717Penumbra
0%
510Rapture
0%
68Resurrection
0%
414Return to Grace
0%
418Rules of Engagement
0%
72Shadows and Symbols
0%
420Shattered Mirror
0%
521Soldiers of the Empire
0%
415Sons of Mogh
0%
69Statistical Probabilities
0%
722Tacking Into the Wind
0%
55The Assignment
0%
512The Begotten
0%
720The Changing Face of Evil
0%
511The Darkness and the Light
0%
712The Emperor's New Cloak
0%
421The Muse
0%
621The Reckoning
0%
519Ties of Blood and Water
0%
624Time's Orphan
0%
423To the Death
0%
76Treachery, Faith, and the Great River
0%
721When It Rains...
0%
612Who Mourns for Morn?
0%
617Wrongs Darker Than Death or Night
0%

Score Distribution

Percentile by Number Answered

Percent of People with Each Score

Your Score History

You have not taken this quiz